Persones amb problemes de salut mental : quadern tècnic per a les famílies quadern tècnic per a les famílies
Descripción Física:
[21] p. : 19 x 15 cm
Materias:
Salut mental
MARC
| LEADER | 00000nam a2200000Ia 4500 | ||
|---|---|---|---|
| 001 | 23657 | ||
| 008 | 160829s2012 xx 000 0 cat d | ||
| 080 | |a FU-61-86 | ||
| 245 | |a Persones amb problemes de salut mental : |b quadern tècnic per a les famílies | ||
| 260 | |a Barcelona : |b Diputació de Barcelona. Àrea de Desenvolupament Econòmic i Ocupació, |c 2012 | ||
| 300 | |a [21] p. : |b 19 x 15 cm | ||
| 650 | |a Salut mental |9 40393 | ||
| 710 | 1 | |a Barcelona (Catalunya : Província). |b Àrea de Desenvolupament Econòmic i Ocupació |9 51324 | |
| 901 | |a Arxiu | ||
| 942 | |n 1 |2 udc |c ARXIU | ||
| 952 | |0 0 |1 0 |4 0 |6 FU6186 |7 1 |9 55902 |a Arxiu |b Arxiu |d 2016-12-01 |l 0 |o FU-61-86 |p 23657 |r 2016-12-01 00:00:00 |w 2016-12-01 |y ARXIU | ||
| 999 | |c 59775 |d 59775 | ||